| 000 | 00859nam a2200229 a 4500 | ||
|---|---|---|---|
| 001 | 000013279 | ||
| 005 | 20240306073902.0 | ||
| 008 | 091123s2001 dr ac 000 0 spa d | ||
| 020 | _a8482613790 | ||
| 040 |
_aDO-SdBNP _bspa _cBNPHU |
||
| 082 |
_axxxx _bQ69 |
||
| 245 | 0 | 0 |
_aQuímica 2 : _blos constituyentes básicos para la vida : hidrógeno, oxigeno y agua / _cdirección editorial Obdulia García de Escobar ; ilustración Ruddy Núñez. |
| 260 |
_aSanto Domingo : _bSantillana, _c2001. |
||
| 300 |
_a167 p. : _bil., retrs. ; _c28 cm. |
||
| 490 | 1 | _aUmbral | |
| 500 | _aTercero de bachillerato Ier. curso / segundo ciclo | ||
| 504 | _aIncluye referencias bibliográficas y notas al pie de las páginas | ||
| 700 | 1 |
_aGarcía Escobar, Obdulia de _edir. ed. _929220 |
|
| 700 | 1 |
_aNúñez, Ruddy, _eil. _923171 |
|
| 830 | 0 |
_aUmbral _929222 |
|
| 049 | _aBNPD | ||
| 999 |
_c12909 _d12909 |
||